[Event "Capablanca Memorial Premier II 32nd"]
[Site "Cienfuegos"]
[Date "1997.??.??"]
[Round "6"]
[White "Bellon Lopez, Juan Manuel"]
[Black "Hernandez Onna, Roman"]
[Result "1/2-1/2"]
[WhiteElo "2465"]
[BlackElo "2430"]
[PlyCount "20"]
[EventDate "1997.05.05"]
[EventType "tourn"]
[EventRounds "13"]
[EventCountry "CUB"]
[EventCategory "8"]
[SourceTitle "CBM 058 ext"]
[Source "ChessBase"]
[SourceDate "1997.07.29"]
[SourceVersion "1"]
[SourceVersionDate "1997.07.29"]
[SourceQuality "1"]

1. b3 Nf6 2. Bb2 g6 3. e4 d6 4. g3 Bg7 5. Bg2 c5 6. Ne2 Nc6 7. d4 cxd4 8. Nxd4
Nxd4 9. Bxd4 O-O 10. c4 Bg4 1/2-1/2

[Event "Capablanca Memorial Premier II 32nd"]
[Site "Cienfuegos"]
[Date "1997.??.??"]
[Round "7"]
[White "Hernandez Onna, Roman"]
[Black "Paneque, Pedro"]
[Result "1/2-1/2"]
[WhiteElo "2430"]
[BlackElo "2375"]
[PlyCount "30"]
[EventDate "1997.05.05"]
[EventType "tourn"]
[EventRounds "13"]
[EventCountry "CUB"]
[EventCategory "8"]
[SourceTitle "CBM 058 ext"]
[Source "ChessBase"]
[SourceDate "1997.07.29"]
[SourceVersion "1"]
[SourceVersionDate "1997.07.29"]
[SourceQuality "1"]

1. d4 e6 2. Nf3 Nf6 3. c4 b6 4. g3 Bb7 5. Bg2 c6 6. O-O d5 7. Nbd2 Be7 8. b3
O-O 9. Bb2 Nbd7 10. Rc1 Qb8 11. Rc2 a5 12. e3 a4 13. Qe2 Rd8 14. e4 dxe4 15.
Nxe4 c5 1/2-1/2

[Event "Capablanca Memorial Premier II 32nd"]
[Site "Cienfuegos"]
[Date "1997.??.??"]
[Round "9"]
[White "Hernandez Onna, Roman"]
[Black "Pecorelli Garcia, Humberto"]
[Result "1/2-1/2"]
[WhiteElo "2500"]
[BlackElo "2430"]
[PlyCount "33"]
[EventDate "1997.05.05"]
[EventType "tourn"]
[EventRounds "13"]
[EventCountry "CUB"]
[EventCategory "8"]
[SourceTitle "CBM 058 ext"]
[Source "ChessBase"]
[SourceDate "1997.07.29"]
[SourceVersion "1"]
[SourceVersionDate "1997.07.29"]
[SourceQuality "1"]

1. d4 Nf6 2. Nf3 g6 3. g3 Bg7 4. Bg2 c6 5. O-O O-O 6. c4 d5 7. cxd5 cxd5 8. Nc3
e6 9. Bf4 Nc6 10. Rc1 Bd7 11. Ne5 Nxe5 12. Bxe5 Bc6 13. e3 Ne8 14. Bxg7 Kxg7
15. Qe2 Nd6 16. Rfd1 Rc8 17. b3 1/2-1/2

[Event "Capablanca Memorial Premier II 32nd"]
[Site "Cienfuegos"]
[Date "1997.??.??"]
[Round "10"]
[White "Hernandez Onna, Roman"]
[Black "Perez Garcia, Rodney Oscar"]
[Result "1/2-1/2"]
[WhiteElo "2430"]
[BlackElo "2385"]
[PlyCount "22"]
[EventDate "1997.05.05"]
[EventType "tourn"]
[EventRounds "13"]
[EventCountry "CUB"]
[EventCategory "8"]
[SourceTitle "CBM 058 ext"]
[Source "ChessBase"]
[SourceDate "1997.07.29"]
[SourceVersion "1"]
[SourceVersionDate "1997.07.29"]
[SourceQuality "1"]

1. d4 d5 2. c4 e6 3. Nc3 Nf6 4. Nf3 Be7 5. Bg5 O-O 6. e3 h6 7. Bh4 b6 8. Rc1
Bb7 9. Be2 Nbd7 10. O-O dxc4 11. Bxc4 c5 1/2-1/2

[Event "Capablanca Memorial Premier II 32nd"]
[Site "Cienfuegos"]
[Date "1997.??.??"]
[Round "11"]
[White "Blees, Albert"]
[Black "Hernandez Onna, Roman"]
[Result "1-0"]
[WhiteElo "2405"]
[BlackElo "2430"]
[PlyCount "81"]
[EventDate "1997.05.05"]
[EventType "tourn"]
[EventRounds "13"]
[EventCountry "CUB"]
[EventCategory "8"]
[SourceTitle "CBM 058 ext"]
[Source "ChessBase"]
[SourceDate "1997.07.29"]
[SourceVersion "1"]
[SourceVersionDate "1997.07.29"]
[SourceQuality "1"]

1. d4 d5 2. c4 c6 3. Nf3 Nf6 4. Nc3 g6 5. e3 Bg7 6. Bd3 O-O 7. O-O dxc4 8. Bxc4
Nd5 9. Qe2 Nb6 10. Bb3 a5 11. a3 a4 12. Ba2 Bg4 13. Rd1 e5 14. h3 Bxf3 15. Qxf3
exd4 16. exd4 N8d7 17. Ne4 Nd5 18. Bg5 Qa5 19. Nd6 Qc7 20. Nc4 Rae8 21. Rac1 h6
22. Bh4 Qf4 23. Bg3 Qxf3 24. gxf3 g5 25. Bd6 Nf4 26. Bxf8 Bxf8 27. Re1 Rb8 28.
Re3 Nf6 29. h4 N6d5 30. Kh2 Nxe3 31. fxe3 Ne6 32. Nb6 Kg7 33. Bxe6 fxe6 34.
hxg5 hxg5 35. Nxa4 Kf6 36. Kg2 e5 37. Nc5 Bxc5 38. dxe5+ Kxe5 39. Rxc5+ Kf6 40.
Kg3 Rd8 41. Kg4 1-0

[Event "CUB-ch"]
[Site "Matanzas"]
[Date "1998.??.??"]
[Round "?"]
[White "Hernandez Onna, Roman"]
[Black "Becerra Rivero, Julio"]
[Result "0-1"]
[WhiteElo "2425"]
[BlackElo "2465"]
[PlyCount "76"]
[EventDate "1998.??.??"]
[EventType "tourn"]
[EventRounds "15"]
[EventCountry "CUB"]
[EventCategory "6"]
[SourceTitle "EXT 2003"]
[Source "ChessBase"]
[SourceDate "2002.11.25"]

1. d4 Nf6 2. c4 g6 3. Nc3 Bg7 4. e4 d6 5. f3 O-O 6. Be3 c5 7. Nge2 Nc6 8. Qd2
b6 9. d5 Ne5 10. Ng3 e6 11. Be2 Ba6 12. b3 exd5 13. cxd5 Bxe2 14. Ngxe2 a6 15.
O-O Re8 16. Bh6 Bh8 17. a4 Rb8 18. h3 b5 19. axb5 axb5 20. Ra6 b4 21. Na4 Ra8
22. Rxa8 Qxa8 23. Qc2 Qa6 24. Nb2 Nxd5 25. exd5 Nxf3+ 26. Rxf3 Rxe2 27. Qd3
Qa1+ 28. Nd1 Re1+ 29. Rf1 Qd4+ 30. Nf2 Qxd3 31. Nxd3 Bd4+ 32. Nf2 Re2 33. g4 c4
34. bxc4 b3 35. Bc1 Bc5 36. Kg2 Rc2 37. Kf3 Bxf2 38. Rxf2 Rxc1 0-1

[Event "CUB-ch"]
[Site "Matanzas"]
[Date "1998.??.??"]
[Round "?"]
[White "Hernandez Onna, Roman"]
[Black "Dominguez Perez, Leinier"]
[Result "1-0"]
[WhiteElo "2425"]
[BlackElo "2215"]
[PlyCount "71"]
[EventDate "1998.??.??"]
[EventType "tourn"]
[EventRounds "15"]
[EventCountry "CUB"]
[EventCategory "6"]
[SourceTitle "EXT 2003"]
[Source "ChessBase"]
[SourceDate "2002.11.25"]

1. d4 Nf6 2. c4 g6 3. Nc3 Bg7 4. e4 d6 5. f3 O-O 6. Be3 Nbd7 7. Qd2 c6 8. Nge2
e5 9. d5 cxd5 10. cxd5 a6 11. g4 h5 12. h3 Nh7 13. O-O-O hxg4 14. hxg4 Bf6 15.
Kb1 Bg5 16. Nc1 Bxe3 17. Qxe3 Qg5 18. Qf2 Kg7 19. Be2 b5 20. Nb3 Ndf6 21. Qb6
Ne8 22. Rh2 Qf4 23. Rdh1 Ng5 24. Nc1 Bd7 25. Qf2 Nc7 26. Nd3 Qf6 27. Nd1 a5 28.
Ne3 b4 29. Rh6 Qe7 30. Qh4 Qd8 31. Nf5+ gxf5 32. Rh5 Kg6 33. gxf5+ Bxf5 34.
exf5+ Kxf5 35. Qg4+ Kg6 36. f4 1-0

[Event "CUB-ch"]
[Site "Matanzas"]
[Date "1998.??.??"]
[Round "?"]
[White "Vera Gonzalez Quevedo, Reynaldo"]
[Black "Hernandez Onna, Roman"]
[Result "1/2-1/2"]
[WhiteElo "2535"]
[BlackElo "2425"]
[PlyCount "69"]
[EventDate "1998.??.??"]
[EventType "tourn"]
[EventRounds "15"]
[EventCountry "CUB"]
[EventCategory "6"]
[SourceTitle "EXT 2003"]
[Source "ChessBase"]
[SourceDate "2002.11.25"]

1. d4 Nf6 2. c4 e6 3. Nc3 Bb4 4. Qc2 d5 5. cxd5 exd5 6. Bg5 c6 7. e3 Nbd7 8.
Bd3 Be7 9. Nf3 O-O 10. h3 Re8 11. O-O-O Nf8 12. g4 a5 13. Rdg1 a4 14. Bxf6 Bxf6
15. g5 Be7 16. h4 a3 17. b3 g6 18. h5 Bd6 19. Rh4 b6 20. Rgh1 Re7 21. Kb1 Rc7
22. e4 Be6 23. e5 Bb4 24. Ne2 c5 25. Nf4 cxd4 26. Qe2 Bc3 27. Nxe6 Rc6 28. hxg6
fxe6 29. Nxd4 Bxd4 30. Rxd4 Qxg5 31. Rxd5 Kg7 32. Bc4 Qf5+ 33. Bd3 Qg5 34. Bc4
Qf5+ 35. Bd3 1/2-1/2

[Event "Manresa op"]
[Site "Manresa"]
[Date "1998.??.??"]
[Round "?"]
[White "Arribas Robaina, Maritza"]
[Black "Hernandez Onna, Roman"]
[Result "1/2-1/2"]
[WhiteElo "2305"]
[BlackElo "2425"]
[PlyCount "20"]
[EventDate "1998.??.??"]
[EventType "swiss"]
[EventRounds "9"]
[EventCountry "ESP"]
[SourceTitle "EXT 2003"]
[Source "ChessBase"]
[SourceDate "2002.11.25"]

1. e4 e5 2. Nf3 Nc6 3. Nc3 Nf6 4. Bb5 Bb4 5. O-O d6 6. d3 O-O 7. Bg5 Bxc3 8.
bxc3 Qe7 9. Re1 h6 10. Bc1 Bd7 1/2-1/2

[Event "Manresa op"]
[Site "Manresa"]
[Date "1998.??.??"]
[Round "?"]
[White "Barendse, Ted"]
[Black "Hernandez Onna, Roman"]
[Result "0-1"]
[WhiteElo "2240"]
[BlackElo "2425"]
[PlyCount "80"]
[EventDate "1998.??.??"]
[EventType "swiss"]
[EventRounds "9"]
[EventCountry "ESP"]
[SourceTitle "EXT 2003"]
[Source "ChessBase"]
[SourceDate "2002.11.25"]

1. e4 c5 2. Nf3 Nc6 3. d4 cxd4 4. Nxd4 g6 5. c4 Nf6 6. Nc3 d6 7. Be2 Nxd4 8.
Qxd4 Bg7 9. Be3 O-O 10. Qd2 Be6 11. Rc1 Qa5 12. b3 a6 13. f3 Rfc8 14. Na4 Qxd2+
15. Kxd2 Nd7 16. g4 Kf8 17. h4 Rc6 18. h5 Rac8 19. hxg6 hxg6 20. f4 Nf6 21. Nb6
Nxe4+ 22. Kd3 Ng3 23. Nxc8 Nxe2 24. Rce1 Rxc8 25. Rxe2 Bxg4 26. Rd2 f5 27. a4
Bh5 28. a5 Kf7 29. Rc1 e5 30. c5 exf4 31. Bxf4 dxc5 32. Rdc2 Rd8+ 33. Kc4 Rd4+
34. Kxc5 Rxf4 35. Kb6 Rb4+ 36. Ka7 Bd4+ 37. Ka8 Bf3 38. Rc7+ Kf6 39. Rf1 Be4
40. Rxb7 Bxb7+ 0-1

[Event "Manresa op"]
[Site "Manresa"]
[Date "1998.??.??"]
[Round "?"]
[White "Hernandez Onna, Roman"]
[Black "Campos Moreno, Javier B"]
[Result "0-1"]
[WhiteElo "2425"]
[BlackElo "2490"]
[PlyCount "102"]
[EventDate "1998.??.??"]
[EventType "swiss"]
[EventRounds "9"]
[EventCountry "ESP"]
[SourceTitle "EXT 2003"]
[Source "ChessBase"]
[SourceDate "2002.11.25"]

1. c4 e6 2. Nf3 d5 3. d4 Nf6 4. e3 b6 5. Nbd2 Bb7 6. Bd3 Be7 7. O-O O-O 8. b3
c5 9. Bb2 Nc6 10. Qe2 cxd4 11. exd4 Re8 12. Rad1 Bf8 13. Bb1 Qc7 14. Qe3 Rad8
15. Rc1 Qb8 16. Ne5 dxc4 17. Nxc6 Bxc6 18. bxc4 b5 19. c5 Nd5 20. Qh3 f5 21. g3
Ne7 22. Rfe1 Qc8 23. Bc2 Bd5 24. Bb3 Nc6 25. Bxd5 Rxd5 26. Nf3 Be7 27. Qf1 a6
28. a4 b4 29. Qc4 Bf6 30. Re3 a5 31. Rce1 Qd7 32. h4 Kf7 33. Qb5 h6 34. h5 f4
35. gxf4 Rxh5 36. Qd3 Qd5 37. Qh7 Qf5 38. Qxf5 Rxf5 39. Re4 Rd5 40. Kf1 Re7 41.
Ke2 Red7 42. Ke3 Ne7 43. Kd3 Rxc5 44. Rxe6 Rf5 45. R6e4 Nd5 46. Bc1 g5 47. Bd2
Rc7 48. Rh1 Nxf4+ 49. Bxf4 Rc3+ 50. Ke2 g4 51. Rxh6 Rc2+ 0-1

[Event "Manresa op"]
[Site "Manresa"]
[Date "1998.??.??"]
[Round "?"]
[White "Hernandez Onna, Roman"]
[Black "Rocabert Andreu, Guillem A"]
[Result "1-0"]
[WhiteElo "2425"]
[BlackElo "2275"]
[PlyCount "81"]
[EventDate "1998.??.??"]
[EventType "swiss"]
[EventRounds "9"]
[EventCountry "ESP"]
[SourceTitle "EXT 2003"]
[Source "ChessBase"]
[SourceDate "2002.11.25"]

1. c4 c5 2. Nc3 Nf6 3. Nf3 Nc6 4. e3 e6 5. d4 cxd4 6. exd4 d5 7. a3 dxc4 8.
Bxc4 Be7 9. O-O O-O 10. Re1 b6 11. Qd3 Bb7 12. Ba2 Rc8 13. Bb1 g6 14. Ba2 Re8
15. Bf4 Nb8 16. Rad1 Nd5 17. Bxd5 Bxd5 18. Ne5 Bf8 19. Qh3 Bg7 20. Bh6 Rc7 21.
Bxg7 Kxg7 22. Ng4 h5 23. Ne5 Nc6 24. Qg3 Ne7 25. Qf4 Nf5 26. Nxd5 exd5 27. Nf3
Rce7 28. Re5 f6 29. Rxf5 gxf5 30. Qxf5 Qd7 31. Qf4 Re4 32. Qd2 Qf5 33. h3 Re2
34. Qb4 Qc2 35. Rf1 Qxb2 36. Qd6 Qa2 37. Qg3+ Kf7 38. Nh4 Qc2 39. Qf3 Qe4 40.
Qxh5+ Ke7 41. Nf5+ 1-0

[Event "Manresa op"]
[Site "Manresa"]
[Date "1998.??.??"]
[Round "?"]
[White "Vreugdenhil, Frans"]
[Black "Hernandez Onna, Roman"]
[Result "0-1"]
[WhiteElo "2140"]
[BlackElo "2425"]
[PlyCount "82"]
[EventDate "1998.??.??"]
[EventType "swiss"]
[EventRounds "9"]
[EventCountry "ESP"]
[SourceTitle "EXT 2003"]
[Source "ChessBase"]
[SourceDate "2002.11.25"]

1. e4 c5 2. Nf3 Nc6 3. d4 cxd4 4. Nxd4 g6 5. c4 Bg7 6. Be3 Nf6 7. Nc3 Ng4 8.
Qxg4 Nxd4 9. Qd1 Ne6 10. Qd2 d6 11. Be2 Bd7 12. Rd1 Bc6 13. f3 Qa5 14. Rc1 g5
15. b3 Be5 16. Nd5 Qxd2+ 17. Bxd2 h5 18. g3 h4 19. Kf2 f6 20. Rcf1 Kf7 21. Bd3
b6 22. Be3 Rac8 23. Kg2 Rhg8 24. Be2 Ba8 25. Bd3 Nf4+ 26. gxf4 gxf4+ 27. Kf2
fxe3+ 28. Nxe3 h3 29. Rfg1 Rxg1 30. Kxg1 Bc6 31. Nf5 Rg8+ 32. Kf1 Rg2 33. Rg1
Rxh2 34. Rg7+ Kf8 35. Rh7 Rh1+ 36. Kf2 h2 37. Rh8+ Kf7 38. Rh7+ Kg8 39. Rh6 Kf8
40. Rh8+ Kf7 41. Ng3 Bxg3+ 0-1

[Event "Capablanca Memorial Premier 33rd"]
[Site "Havana"]
[Date "1998.05.09"]
[Round "3"]
[White "Perez Garcia, Rodney Oscar"]
[Black "Hernandez Onna, Roman"]
[Result "1/2-1/2"]
[WhiteElo "2395"]
[BlackElo "2425"]
[PlyCount "24"]
[EventDate "1998.05.07"]
[EventType "tourn"]
[EventRounds "13"]
[EventCountry "CUB"]
[EventCategory "8"]
[SourceTitle "CBM 065"]
[Source "ChessBase"]
[SourceDate "1998.08.06"]

1. e4 e5 2. Nf3 Nc6 3. Bb5 a6 4. Ba4 Nf6 5. O-O Be7 6. Re1 b5 7. Bb3 d6 8. c3
O-O 9. h3 Na5 10. Bc2 c5 11. d4 Qc7 12. Nbd2 cxd4 1/2-1/2

[Event "Capablanca Memorial Premier 33rd"]
[Site "Havana"]
[Date "1998.05.10"]
[Round "4"]
[White "Hernandez Onna, Roman"]
[Black "Vazquez Igarza, Renier"]
[Result "1/2-1/2"]
[WhiteElo "2425"]
[BlackElo "2405"]
[PlyCount "20"]
[EventDate "1998.05.07"]
[EventType "tourn"]
[EventRounds "13"]
[EventCountry "CUB"]
[EventCategory "8"]
[SourceTitle "CBM 065"]
[Source "ChessBase"]
[SourceDate "1998.08.06"]

1. d4 Nf6 2. c4 e6 3. Nf3 d5 4. Nc3 Be7 5. Bg5 c6 6. e3 O-O 7. Rc1 Nbd7 8. Bd3
dxc4 9. Bxc4 Nd5 10. Bxe7 Qxe7 1/2-1/2

[Event "Capablanca Memorial Premier 33rd"]
[Site "Havana"]
[Date "1998.05.14"]
[Round "7"]
[White "Franco Ocampos, Zenon"]
[Black "Hernandez Onna, Roman"]
[Result "1/2-1/2"]
[WhiteElo "2465"]
[BlackElo "2425"]
[PlyCount "36"]
[EventDate "1998.05.07"]
[EventType "tourn"]
[EventRounds "13"]
[EventCountry "CUB"]
[EventCategory "8"]
[SourceTitle "CBM 065"]
[Source "ChessBase"]
[SourceDate "1998.08.06"]

1. Nf3 Nf6 2. c4 c5 3. Nc3 Nc6 4. d4 cxd4 5. Nxd4 g6 6. g3 Bg7 7. Bg2 O-O 8.
O-O Nxd4 9. Qxd4 d6 10. Qd3 Qa5 11. h3 Be6 12. Bd2 Qa6 13. b3 Rad8 14. e4 d5
15. exd5 Nxd5 16. Bxd5 Bxd5 17. Nxd5 e6 18. Rad1 Rxd5 1/2-1/2

[Event "Capablanca Memorial Premier 33rd"]
[Site "Havana"]
[Date "1998.05.22"]
[Round "13"]
[White "Siegel, Georg"]
[Black "Hernandez Onna, Roman"]
[Result "1-0"]
[WhiteElo "2540"]
[BlackElo "2425"]
[PlyCount "99"]
[EventDate "1998.05.07"]
[EventType "tourn"]
[EventRounds "13"]
[EventCountry "CUB"]
[EventCategory "8"]
[SourceTitle "CBM 065"]
[Source "ChessBase"]
[SourceDate "1998.08.06"]

1. e4 c5 2. Nf3 Nc6 3. c3 d6 4. d4 Nf6 5. Bd3 g6 6. O-O Bg7 7. h3 O-O 8. d5 Nb8
9. Re1 Na6 10. Bf4 Nc7 11. Bf1 b5 12. a4 bxa4 13. Rxa4 a5 14. Bh2 Bd7 15. Ra3
a4 16. Nbd2 Rb8 17. Nc4 Bb5 18. Nfd2 Nd7 19. Ra2 Na8 20. e5 Bxc4 21. Nxc4 Nxe5
22. Nxe5 Bxe5 23. Bxe5 dxe5 24. Rxe5 Qd6 25. Qe1 Nc7 26. c4 e6 27. Rxa4 Rxb2
28. Ra1 exd5 29. cxd5 Qf6 30. Rd1 Kg7 31. d6 Ne6 32. d7 Rd8 33. Bc4 Nd4 34. Re7
Ne6 35. Re8 Rbb8 36. Rxd8 Nxd8 37. Qe3 Ra8 38. Qxc5 Ra1 39. Rxa1 Qxa1+ 40. Kh2
h5 41. h4 Qc3 42. g3 Qf6 43. Kg1 Qa1+ 44. Kg2 Qf6 45. Bb5 Ne6 46. Qb4 Nd4 47.
Qc3 Qb6 48. f3 Kf6 49. Qd2 Ke7 50. Qg5+ 1-0

[Event "Mislata op 7th"]
[Site "Valencia"]
[Date "1998.08.14"]
[Round "2.4"]
[White "Alberola Mulet, Jairo"]
[Black "Hernandez Onna, Roman"]
[Result "0-1"]
[WhiteElo "2050"]
[BlackElo "2425"]
[PlyCount "78"]
[EventDate "1998.08.13"]
[EventType "swiss"]
[EventRounds "9"]
[EventCountry "ESP"]
[SourceTitle "EXT 2000"]
[Source "ChessBase"]
[SourceDate "1999.11.16"]

1. e4 c5 2. Nf3 Nc6 3. d4 cxd4 4. Nxd4 g6 5. Be3 Bg7 6. Be2 Nf6 7. Nc3 O-O 8.
O-O d5 9. exd5 Nxd5 10. Nxd5 Qxd5 11. Bf3 Qa5 12. Nxc6 bxc6 13. c3 Rb8 14. Qc2
Bf5 15. Be4 Bxe4 16. Qxe4 Rxb2 17. Qxe7 a6 18. Qd6 Qxc3 19. Rfc1 Rc2 20. Rxc2
Qxc2 21. Rc1 Qxa2 22. Qxc6 h5 23. g3 Rb8 24. Kg2 Qe2 25. Rc2 Qb5 26. Qe4 Re8
27. Qc4 Qb7+ 28. Qc6 Qxc6+ 29. Rxc6 Ra8 30. Rc4 a5 31. Ra4 Bc3 32. Kf3 Bb4 33.
g4 hxg4+ 34. Kxg4 f5+ 35. Kg5 Kf7 36. Kf4 Ke6 37. Kg5 Rh8 38. Bf4 Kf7 39. Bg3
Bd2+ 0-1

[Event "Mislata op 7th"]
[Site "Valencia"]
[Date "1998.08.15"]
[Round "3.4"]
[White "Hernandez Onna, Roman"]
[Black "Defez Gomez, Juan Francisco"]
[Result "1-0"]
[WhiteElo "2425"]
[BlackElo "2180"]
[PlyCount "107"]
[EventDate "1998.08.13"]
[EventType "swiss"]
[EventRounds "9"]
[EventCountry "ESP"]
[SourceTitle "EXT 2000"]
[Source "ChessBase"]
[SourceDate "1999.11.16"]

1. d4 Nf6 2. c4 g6 3. Nc3 Bg7 4. e4 d6 5. f3 a6 6. Be3 Nc6 7. Qd2 e5 8. Nge2
Rb8 9. Rd1 O-O 10. d5 Ne7 11. Bh6 Bxh6 12. Qxh6 c6 13. g4 cxd5 14. cxd5 Kh8 15.
h4 Nfg8 16. Qe3 h6 17. g5 h5 18. f4 Bg4 19. Bh3 Bxh3 20. Rxh3 f6 21. Rd2 b5 22.
Rf3 Kg7 23. f5 Qb6 24. Qxb6 Rxb6 25. Ng3 fxg5 26. hxg5 Rbb8 27. f6+ Nxf6 28.
gxf6+ Rxf6 29. Rxf6 Kxf6 30. Rf2+ Kg7 31. Nd1 Ng8 32. Rc2 h4 33. Rc7+ Kh6 34.
Nf1 Nf6 35. Nf2 Ne8 36. Rf7 Rc8 37. Kd2 Rc7 38. Rf8 Rc8 39. Rh8+ Kg7 40. Rxh4
Nf6 41. Ne3 a5 42. Rh1 Nh5 43. Rc1 Rf8 44. Rc7+ Kh6 45. Ke1 Kg5 46. Rc6 Ng3 47.
Nf1 Nxf1 48. Kxf1 Kf4 49. Ke2 Rf6 50. Rc3 Kg5 51. Rf3 Rxf3 52. Kxf3 Kh4 53. Kg2
g5 54. Kf3 1-0

[Event "Mislata op 7th"]
[Site "Valencia"]
[Date "1998.08.16"]
[Round "4.3"]
[White "Fos Santacreu, Juan Andres"]
[Black "Hernandez Onna, Roman"]
[Result "1/2-1/2"]
[WhiteElo "2440"]
[BlackElo "2425"]
[PlyCount "45"]
[EventDate "1998.08.13"]
[EventType "swiss"]
[EventRounds "9"]
[EventCountry "ESP"]
[SourceTitle "EXT 2000"]
[Source "ChessBase"]
[SourceDate "1999.11.16"]

1. e4 c5 2. b3 d6 3. Bb2 Nf6 4. Nc3 e5 5. Bb5+ Nc6 6. Bxc6+ bxc6 7. d3 g6 8.
Nge2 Bg7 9. O-O O-O 10. Na4 Nh5 11. f4 Nxf4 12. Nxf4 exf4 13. Bxg7 Kxg7 14.
Rxf4 Qe7 15. Qd2 Qe5 16. Qc3 f6 17. Raf1 Qd4+ 18. Kh1 Be6 19. Qe1 Qe5 20. Qc3
Qd4 21. Qe1 Qe5 22. Qd2 Rf7 23. Qc3 1/2-1/2

[Event "Mislata op 7th"]
[Site "Valencia"]
[Date "1998.08.17"]
[Round "5.3"]
[White "Hernandez Onna, Roman"]
[Black "Arizmendi Martinez, Julen Luis"]
[Result "1/2-1/2"]
[WhiteElo "2425"]
[BlackElo "2440"]
[PlyCount "93"]
[EventDate "1998.08.13"]
[EventType "swiss"]
[EventRounds "9"]
[EventCountry "ESP"]
[SourceTitle "EXT 2000"]
[Source "ChessBase"]
[SourceDate "1999.11.16"]

1. d4 e6 2. Nf3 f5 3. c4 Nf6 4. g3 d5 5. Bg2 c6 6. O-O Bd6 7. b3 Qe7 8. Bb2 b6
9. Nbd2 O-O 10. Ne5 Bb7 11. Rc1 a5 12. Ndf3 Na6 13. Ne1 Nb4 14. a3 Na6 15. N1d3
Rac8 16. a4 Rfd8 17. e3 c5 18. cxd5 Bxd5 19. Bxd5 Nxd5 20. Qe2 Nab4 21. dxc5
Nxd3 22. Nxd3 Bxc5 23. e4 fxe4 24. Qxe4 Bd6 25. Rfe1 Rxc1 26. Rxc1 Qd7 27. Rc4
Rc8 28. Qd4 Rc7 29. h4 h6 30. Qg4 Qf7 31. Re4 Re7 32. h5 Kh7 33. Ne5 Bxe5 34.
Rxe5 Nf6 35. Qe2 Nd5 36. Re4 Kg8 37. Re5 Kh7 38. Qe4+ Kg8 39. Qd3 Rd7 40. Qe2
Re7 41. Bd4 Re8 42. Re4 Re7 43. Be5 Rd7 44. g4 Rd8 45. Rc4 Rf8 46. Kg2 Qd7 47.
Qe4 1/2-1/2

[Event "Mislata op 7th"]
[Site "Valencia"]
[Date "1998.08.18"]
[Round "6.3"]
[White "Valero Perez, Francisco Javier"]
[Black "Hernandez Onna, Roman"]
[Result "0-1"]
[WhiteElo "2250"]
[BlackElo "2425"]
[PlyCount "74"]
[EventDate "1998.08.13"]
[EventType "swiss"]
[EventRounds "9"]
[EventCountry "ESP"]
[SourceTitle "EXT 2000"]
[Source "ChessBase"]
[SourceDate "1999.11.16"]

1. d4 Nf6 2. Nf3 e6 3. Bf4 d5 4. e3 Bd6 5. Bg3 Ne4 6. Nbd2 Nxg3 7. hxg3 c5 8.
c3 Nc6 9. Qc2 g6 10. O-O-O c4 11. e4 b5 12. exd5 exd5 13. Re1+ Kf8 14. Nb1 b4
15. Qd2 h5 16. Ne5 Bxe5 17. dxe5 Qa5 18. a3 bxa3 19. Nxa3 Rb8 20. Bxc4 dxc4 21.
Qd6+ Kg8 22. Qxc6 Be6 23. f3 Kg7 24. Qd6 Rb7 25. Rd1 Rhb8 26. Rd2 Rb6 27. Qe7
Bf5 28. g4 R8b7 29. Qxb7 Rxb7 30. gxf5 Qxe5 31. fxg6 fxg6 32. Nxc4 Qf4 33. Na3
Rxb2 34. Kxb2 Qxd2+ 35. Kb3 Qxg2 36. Rc1 h4 37. Rc2 h3 0-1

[Event "Mislata op 7th"]
[Site "Valencia"]
[Date "1998.??.??"]
[Round "7"]
[White "Hernandez Onna, Roman"]
[Black "Korneev, Oleg"]
[Result "1/2-1/2"]
[WhiteElo "2425"]
[BlackElo "2560"]
[PlyCount "43"]
[EventDate "1998.08.13"]
[EventType "swiss"]
[EventRounds "9"]
[EventCountry "ESP"]
[SourceTitle "EXT 2000"]
[Source "ChessBase"]
[SourceDate "1999.11.16"]

1. d4 d5 2. c4 e6 3. Nf3 Nf6 4. e3 b6 5. Nc3 Bd6 6. Bd3 Bb7 7. O-O O-O 8. b3 a6
9. Bb2 Nbd7 10. Qe2 Ne4 11. Rad1 Qe7 12. Bb1 f5 13. g3 Rf6 14. Ne5 Rff8 15. f4
Nxe5 16. fxe5 Nxc3 17. Bxc3 Ba3 18. Qh5 g6 19. Qh6 Qd7 20. g4 dxc4 21. gxf5
gxf5 22. d5 1/2-1/2

[Event "Mislata op 7th"]
[Site "Valencia"]
[Date "1998.??.??"]
[Round "9"]
[White "Hernandez Onna, Roman"]
[Black "Ayas Fernandez, Antonio"]
[Result "1/2-1/2"]
[WhiteElo "2425"]
[BlackElo "2300"]
[PlyCount "53"]
[EventDate "1998.08.13"]
[EventType "swiss"]
[EventRounds "9"]
[EventCountry "ESP"]
[SourceTitle "EXT 2000"]
[Source "ChessBase"]
[SourceDate "1999.11.16"]

1. d4 Nf6 2. Nf3 e6 3. e3 b6 4. Bd3 Bb7 5. O-O Be7 6. Qe2 d5 7. b3 O-O 8. Bb2
Nbd7 9. Nbd2 c5 10. c4 Ne4 11. Rac1 Bd6 12. cxd5 cxd4 13. Ba6 Bxa6 14. Qxa6
Nxd2 15. Nxd2 exd5 16. Bxd4 Nc5 17. Qe2 Ne6 18. Nf3 Qd7 19. Ba1 Rfd8 20. Rcd1
Rac8 21. Qd3 Qc7 22. Rd2 Bb4 23. Re2 Bf8 24. Qf5 g6 25. Qd3 Bg7 26. Bxg7 Kxg7
27. Nd4 1/2-1/2

[Event "Young Masters 5th"]
[Site "Loures"]
[Date "1998.11.08"]
[Round "6"]
[White "Hernandez Onna, Roman"]
[Black "Costa, Fernando JM"]
[Result "1-0"]
[WhiteElo "2440"]
[BlackElo "2115"]
[PlyCount "41"]
[EventDate "1998.11.09"]
[EventType "tourn"]
[EventRounds "11"]
[EventCountry "POR"]
[EventCategory "2"]
[SourceTitle "CBM 067 ext"]
[Source "ChessBase"]
[SourceDate "1999.01.01"]
[SourceVersion "1"]
[SourceVersionDate "1999.01.01"]
[SourceQuality "1"]

1. d4 Nf6 2. c4 g6 3. Nc3 d5 4. Nf3 Bg7 5. cxd5 Nxd5 6. e4 Nxc3 7. bxc3 O-O 8.
Be2 c5 9. O-O Nc6 10. Be3 Qa5 11. Qb3 Qc7 12. Qa3 b6 13. dxc5 Be6 14. Rab1 Rfb8
15. Nd4 Bd7 16. Nb5 Qc8 17. Rfd1 Ne5 18. Nxa7 Qb7 19. cxb6 Qxe4 20. Rb4 Qb7 21.
Ba6 1-0